000 00729nam a22002417a 4500
001 117939
003 UA-OsUOA
005 20220501165534.0
007 ta
008 20160630b un ||||| |||| 00| 0 ukr d
020 _a5-268-00743-2
040 _aUA-OsUOA
_brus
_cUA-OsUOA
_dUA-OsUOA
041 _arus
080 _a726.7(470+571)
090 _a726.7(470+571)
_bН74
245 _aНоводевичий монастырь
_bпутеводитель
_cН. Ф. Трутнева, М. М. Шведова
260 _aМ.
_bСоветская Россия
_c1988
300 _a112 с.
650 7 _a72 Архітектура
_2UDC
942 _cBK
_2udc
955 _a1
999 _c403982
_d403982